[Event "CZE-chT2E 1516"]
[Site "Czech Republic"]
[Date "2015.11.08"]
[Round "2.8"]
[White "Chladek, Vlastimil"]
[Black "Skorepa, Jakub"]
[Result "1/2-1/2"]
[WhiteElo "2012"]
[BlackElo "1895"]
[PlyCount "41"]
[EventDate "2015.10.18"]
[EventType "team-tourn"]
[EventRounds "11"]
[EventCountry "CZE"]
[SourceTitle "EXT 2022"]
[Source "ChessBase"]
[SourceDate "2021.10.06"]
[SourceVersion "1"]
[SourceVersionDate "2021.10.06"]
[SourceQuality "1"]
[WhiteTeam "Lipovec Garde"]
[BlackTeam "Jihlava Silko Gambit"]
[WhiteTeamCountry "CZE"]
[BlackTeamCountry "CZE"]

1. e4 c6 2. d4 d5 3. Nc3 dxe4 4. Nxe4 Bf5 5. Ng3 Bg6 6. h4 h6 7. h5 Bh7 8. Nf3 Nd7 9. Bd3 Bxd3 10. Qxd3 Ngf6 11. Bd2 e6 12. 0-0-0 Qc7 13. Ne4 0-0-0 14. Kb1 Nc5 15. Nxc5 Bxc5 16. Qc4 Bd6 17. g3 Rhe8 18. Bb4 Bxb4 19. Qxb4 Rd5 20. c4 Rd6 21. Rd3 1/2-1/2

[Event "CZE-chT2C 1415"]
[Site "Czech Republic"]
[Date "2015.02.22"]
[Round "8.8"]
[White "Skorepa, Jakub"]
[Black "Brychta, Jan"]
[Result "0-1"]
[WhiteElo "1799"]
[BlackElo "2115"]
[PlyCount "94"]
[EventDate "2014.11.02"]
[EventType "team-tourn"]
[EventRounds "11"]
[EventCountry "CZE"]
[SourceTitle "EXT 2022"]
[Source "ChessBase"]
[SourceDate "2021.10.06"]
[SourceVersion "1"]
[SourceVersionDate "2021.10.06"]
[SourceQuality "1"]
[WhiteTeam "Jihlava Silko Gambit"]
[BlackTeam "Jihlava Gordic"]
[WhiteTeamCountry "CZE"]
[BlackTeamCountry "CZE"]

1. e4 c5 2. Nf3 d6 3. d4 cxd4 4. Nxd4 Nf6 5. Nc3 g6 6. Be2 Bg7 7. Be3 0-0 8. 0-0 Nc6 9. Qd2 Ng4 10. Bxg4 Bxg4 11. Nd5 Rc8 12. Rac1 Bd7 13. f3 e6 14. Nc3 a6 15. Nde2 Ne5 16. b3 Qa5 17. Qxd6 Rxc3 18. Nxc3 Qxc3 19. Bd2 Qc6 20. Qxc6 Bxc6 21. Be3 f5 22. exf5 exf5 23. Rcd1 Re8 24. Bd4 Rd8 25. Bb6 Rxd1 26. Rxd1 Kf7 27. Kf2 f4 28. c4 g5 29. h3 h5 30. Bc7 Ke6 31. Bxe5 Bxe5 32. Ke2 g4 33. hxg4 hxg4 34. Kf2 gxf3 35. gxf3 Bc3 36. Rd3 Bb4 37. Rd1 Bc5+ 38. Kg2 a5 39. Re1+ Be3 40. Rh1 Be8 41. Rd1 Bg6 42. Rd5 b6 43. a3 Bc2 44. Rb5 a4 45. bxa4 Bxa4 46. Rb4 Bc6 47. Rb3 Kd6 0-1

[Event "CZE-chT2C 1415"]
[Site "Czech Republic"]
[Date "2014.12.14"]
[Round "4.8"]
[White "Skorepa, Jakub"]
[Black "Plasil, Petr"]
[Result "0-1"]
[WhiteElo "1799"]
[BlackElo "2027"]
[PlyCount "58"]
[EventDate "2014.11.02"]
[EventType "team-tourn"]
[EventRounds "11"]
[EventCountry "CZE"]
[SourceTitle "EXT 2022"]
[Source "ChessBase"]
[SourceDate "2021.10.06"]
[SourceVersion "1"]
[SourceVersionDate "2021.10.06"]
[SourceQuality "1"]
[WhiteTeam "Jihlava Silko Gambit"]
[BlackTeam "Praha Kobylisy II"]
[WhiteTeamCountry "CZE"]
[BlackTeamCountry "CZE"]

1. e4 g6 2. d4 d6 3. Nf3 Nf6 4. Bd3 Bg7 5. 0-0 0-0 6. h3 Nc6 7. c3 e5 8. Bg5 h6 9. Bh4 Qe8 10. Re1 Nh5 11. Bb5 Bd7 12. d5 Ne7 13. Bxd7 Qxd7 14. Bxe7 Qxe7 15. Nbd2 Nf4 16. Nf1 f5 17. Ng3 fxe4 18. Nxe4 Qf7 19. Nh2 Nxd5 20. Qd2 Nf4 21. Nf1 d5 22. Neg3 e4 23. Ne3 Nd3 24. Rf1 Rad8 25. Ng4 Kh7 26. f3 Qe7 27. Qe2 Qd6 28. Nh1 Qb6+ 29. Nhf2 Rde8 0-1

[Event "CZE-ch U16"]
[Site "Kouty nad Desnou"]
[Date "2014.03.15"]
[Round "9"]
[White "Kozusek, Daniel"]
[Black "Skorepa, Jakub"]
[Result "1-0"]
[WhiteElo "2133"]
[BlackElo "1797"]
[PlyCount "41"]
[EventDate "2014.03.08"]
[EventType "swiss"]
[EventRounds "9"]
[EventCountry "CZE"]
[SourceTitle "EXT 2015"]
[Source "ChessBase"]
[SourceDate "2014.11.20"]
[SourceVersion "1"]
[SourceVersionDate "2014.11.20"]
[SourceQuality "1"]

1. d4 Nf6 2. Nf3 g6 3. c4 Bg7 4. Nc3 d5 5. Qb3 e6 6. Bg5 c6 7. Ne5 Qb6 8. c5 Qxb3 9. axb3 Nfd7 10. Nf3 e5 11. e3 Na6 12. Bxa6 bxa6 13. 0-0 Rb8 14. Ra3 f5 15. dxe5 Nxe5 16. Nd4 Kd7 17. Bf4 Ra8 18. Rd1 Re8 19. f3 Bf8 20. Ra5 Bg7 21. e4 1-0

[Event "CZE-chT2C 1314"]
[Site "Czech Republic"]
[Date "2014.02.02"]
[Round "7.7"]
[White "Pospech, Radim"]
[Black "Skorepa, Jakub"]
[Result "0-1"]
[WhiteElo "2030"]
[BlackElo "1804"]
[PlyCount "98"]
[EventDate "2013.11.03"]
[EventType "team-tourn"]
[EventRounds "11"]
[EventCountry "CZE"]
[SourceTitle "EXT 2015"]
[Source "ChessBase"]
[SourceDate "2014.11.20"]
[SourceVersion "1"]
[SourceVersionDate "2014.11.20"]
[SourceQuality "1"]
[WhiteTeam "Praha Dukla"]
[BlackTeam "Jihlava Gambit"]
[WhiteTeamCountry "CZE"]
[BlackTeamCountry "CZE"]

1. d4 d5 2. Nf3 Nf6 3. c4 c6 4. Nc3 e6 5. e3 Nbd7 6. Bd3 Be7 7. 0-0 0-0 8. b3 b6 9. e4 dxe4 10. Nxe4 Bb7 11. Bb2 c5 12. Re1 Qc7 13. dxc5 bxc5 14. Qe2 Nxe4 15. Bxe4 Bf6 16. Bxb7 Qxb7 17. Rad1 Bxb2 18. Qxb2 Nb6 19. Qe5 Qe7 20. Ng5 Nd7 21. Qf4 Nf6 22. Qh4 h6 23. Ne4 Rfd8 24. Nxf6+ Qxf6 25. Qxf6 gxf6 26. Kf1 Kf8 27. Ke2 Ke7 28. Ke3 a5 29. Rd3 Rxd3+ 30. Kxd3 a4 31. Kc3 axb3 32. axb3 Ra2 33. Rf1 e5 34. g4 Ke6 35. h3 f5 36. f4 e4 37. Rd1 Rh2 38. gxf5+ Kxf5 39. Rd5+ Kxf4 40. Rxc5 Rxh3+ 41. Kb4 e3 42. Rc7 e2 43. Rxf7+ Ke3 44. Re7+ Kd2 45. Rxe2+ Kxe2 46. c5 Kd2 47. Ka4 Kc3 48. c6 Rh5 49. b4 Rh4 0-1

[Event "Trebic Highlands op 09th"]
[Site "Trebic"]
[Date "2013.09.26"]
[Round "7"]
[White "Filzmaier, Bruno"]
[Black "Skorepa, Jakub"]
[Result "1/2-1/2"]
[WhiteElo "1920"]
[BlackElo "1785"]
[PlyCount "35"]
[EventDate "2013.09.21"]
[EventType "swiss"]
[EventRounds "9"]
[EventCountry "CZE"]
[SourceTitle "CBM 156 Extra"]
[Source "ChessBase"]
[SourceDate "2013.10.22"]
[SourceVersion "1"]
[SourceVersionDate "2013.10.22"]
[SourceQuality "1"]

1. a3 g6 2. d4 Bg7 3. Nf3 Nf6 4. b4 b6 5. Bb2 Bb7 6. e3 c5 7. c4 d6 8. Nbd2 Nbd7 9. d5 0-0 10. Be2 e6 11. dxe6 fxe6 12. 0-0 d5 13. b5 Qe7 14. Ne5 Nxe5 15. Bxe5 Nd7 16. Bxg7 Qxg7 17. Qb3 Kh8 18. Rac1 1/2-1/2

[Event "Tabor op"]
[Site "Tabor"]
[Date "2013.07.29"]
[Round "2"]
[White "Malcanek, Jan"]
[Black "Skorepa, Jakub"]
[Result "1-0"]
[WhiteElo "2069"]
[BlackElo "1755"]
[PlyCount "73"]
[EventDate "2013.07.28"]
[EventType "swiss"]
[EventRounds "9"]
[EventCountry "CZE"]
[SourceTitle "CBM 155 Extra"]
[Source "ChessBase"]
[SourceDate "2013.08.26"]
[SourceVersion "1"]
[SourceVersionDate "2013.08.26"]
[SourceQuality "1"]

1. c4 c6 2. Nf3 d5 3. Qa4 Nf6 4. cxd5 Nxd5 5. Nc3 e6 6. d4 Nd7 7. e4 N5f6 8. Bg5 Be7 9. e5 Nd5 10. Bxe7 Qxe7 11. Ne4 0-0 12. Rc1 b5 13. Qb3 Bb7 14. g3 N7b6 15. Bg2 a5 16. 0-0 Rfd8 17. Rfd1 a4 18. Qc2 Nc4 19. Nfd2 Nxd2 20. Rxd2 a3 21. b3 Ra6 22. Qc5 Ba8 23. Nd6 g6 24. Rd3 f5 25. Bxd5 exd5 26. Ne4 Qxc5 27. Nxc5 Ra7 28. b4 Re8 29. Rcc3 Ree7 30. Rxa3 Kf7 31. f4 h6 32. Kf2 h5 33. Kf3 Ke8 34. Kg2 Kf7 35. Kh3 Kg7 36. Kh4 Kh6 37. Re3 1-0

[Event "CZE-ch U16"]
[Site "Kouty nad Desnou"]
[Date "2013.03.11"]
[Round "3"]
[White "Blahynka, Martin"]
[Black "Skorepa, Jakub"]
[Result "1-0"]
[WhiteElo "2152"]
[BlackElo "1707"]
[PlyCount "77"]
[EventDate "2013.03.09"]
[EventType "swiss"]
[EventRounds "9"]
[EventCountry "CZE"]
[SourceTitle "EXT 2015"]
[Source "ChessBase"]
[SourceDate "2014.11.20"]
[SourceVersion "1"]
[SourceVersionDate "2014.11.20"]
[SourceQuality "1"]

1. d4 Nf6 2. c4 g6 3. Nc3 d5 4. cxd5 Nxd5 5. e4 Nxc3 6. bxc3 Bg7 7. Nf3 c5 8. Rb1 b6 9. Bb5+ Bd7 10. 0-0 0-0 11. Qd3 Qc7 12. Bg5 Re8 13. d5 Bxb5 14. Rxb5 Nd7 15. Rbb1 Ne5 16. Nxe5 Qxe5 17. Bd2 e6 18. f4 Qd6 19. c4 Bd4+ 20. Kh1 exd5 21. cxd5 a6 22. a4 f6 23. Rfe1 Reb8 24. Qc4 Rb7 25. h3 h5 26. Rb3 Kg7 27. e5 Qd7 28. exf6+ Bxf6 29. Rbe3 b5 30. axb5 axb5 31. Qe4 h4 32. Bc3 Bxc3 33. Rxc3 c4 34. d6 Ra6 35. Qd4+ Kg8 36. Re7 Qxe7 37. dxe7 Rxe7 38. Re3 Rae6 39. Qd5 1-0

[Event "Morava-ch U16"]
[Site "Kouty nad Desnou"]
[Date "2012.10.26"]
[Round "6"]
[White "Miculka, David"]
[Black "Skorepa, Jakub"]
[Result "0-1"]
[WhiteElo "1895"]
[BlackElo "1702"]
[PlyCount "72"]
[EventDate "2012.10.24"]
[EventType "swiss"]
[EventRounds "9"]
[EventCountry "CZE"]
[SourceTitle "EXT 2015"]
[Source "ChessBase"]
[SourceDate "2014.11.20"]
[SourceVersion "1"]
[SourceVersionDate "2014.11.20"]
[SourceQuality "1"]

1. d4 d5 2. Nc3 Nf6 3. Bg5 e6 4. e4 dxe4 5. Nxe4 Be7 6. Bxf6 Bxf6 7. Nf3 0-0 8. c3 b6 9. Bd3 Bb7 10. Qe2 Nd7 11. h4 c5 12. dxc5 Nxc5 13. Nxc5 bxc5 14. Rd1 Qc7 15. 0-0 Qf4 16. Qe3 Qxe3 17. fxe3 Rfd8 18. g3 Bd5 19. a3 Rab8 20. e4 Bc6 21. b4 Ba4 22. Be2 Bxd1 23. Bxd1 cxb4 24. cxb4 Rd3 25. Be2 Rxa3 26. b5 Re3 27. Kf2 Rxe4 28. Rc1 Bd4+ 29. Nxd4 Rxd4 30. Rc7 Ra4 31. Kf3 Rd8 32. Ke3 g6 33. Rc3 Kg7 34. Kf3 h6 35. Ke3 g5 36. Rc7 Ra3+ 0-1

[Event "Morava-ch U16"]
[Site "Kouty nad Desnou"]
[Date "2012.10.25"]
[Round "4"]
[White "Skorepa, Jakub"]
[Black "Dvorak, Adam"]
[Result "1/2-1/2"]
[WhiteElo "1702"]
[BlackElo "2030"]
[PlyCount "51"]
[EventDate "2012.10.24"]
[EventType "swiss"]
[EventRounds "9"]
[EventCountry "CZE"]
[SourceTitle "EXT 2015"]
[Source "ChessBase"]
[SourceDate "2014.11.20"]
[SourceVersion "1"]
[SourceVersionDate "2014.11.20"]
[SourceQuality "1"]

1. e4 c5 2. Nf3 e6 3. c4 a6 4. Nc3 Qc7 5. Be2 Be7 6. 0-0 d6 7. d4 cxd4 8. Nxd4 Nf6 9. Be3 b6 10. Qd2 Bb7 11. f3 Nbd7 12. Rac1 0-0 13. Rfd1 Rfe8 14. b3 Rac8 15. Bf1 Qb8 16. Qf2 Bd8 17. Kh1 Bc7 18. g3 Rcd8 19. Bg2 h5 20. Nde2 Ba8 21. Rd2 Ne5 22. Rcd1 Ng6 23. Bg5 b5 24. cxb5 axb5 25. Qd4 b4 26. Na4 1/2-1/2

[Event "Morava-ch U16"]
[Site "Kouty nad Desnou"]
[Date "2012.10.24"]
[Round "2"]
[White "Skorepa, Jakub"]
[Black "Kratochvil, Vit"]
[Result "1/2-1/2"]
[WhiteElo "1702"]
[BlackElo "1944"]
[PlyCount "39"]
[EventDate "2012.10.24"]
[EventType "swiss"]
[EventRounds "9"]
[EventCountry "CZE"]
[SourceTitle "EXT 2015"]
[Source "ChessBase"]
[SourceDate "2014.11.20"]
[SourceVersion "1"]
[SourceVersionDate "2014.11.20"]
[SourceQuality "1"]

1. d4 Nf6 2. Nf3 g6 3. c4 Bg7 4. Nc3 0-0 5. Bg5 d6 6. e3 Nbd7 7. Bd3 c6 8. 0-0 Qc7 9. Rc1 Re8 10. b4 e5 11. Bb1 Nh5 12. Qb3 f5 13. Nb5 Qb8 14. c5+ d5 15. Nd6 Re6 16. dxe5 Nxe5 17. Nd4 Rxd6 18. cxd6 Qxd6 19. Rfd1 Bd7 20. Bh4 1/2-1/2

[Event "EU-ch U14"]
[Site "Prague"]
[Date "2012.08.21"]
[Round "5"]
[White "Taylor, Adam C"]
[Black "Skorepa, Jakub"]
[Result "1-0"]
[WhiteElo "1962"]
[BlackElo "1680"]
[PlyCount "87"]
[EventDate "2012.08.17"]
[EventType "swiss"]
[EventRounds "9"]
[EventCountry "CZE"]
[SourceTitle "CBM 150 Extra"]
[Source "ChessBase"]
[SourceDate "2012.10.19"]
[SourceVersion "1"]
[SourceVersionDate "2012.10.19"]
[SourceQuality "1"]

1. c4 e6 2. Nc3 d5 3. d4 Nf6 4. Nf3 Be7 5. Bf4 0-0 6. e3 b6 7. Bd3 Bb7 8. 0-0 Nbd7 9. Rc1 c6 10. Qc2 Rc8 11. Rfd1 h6 12. Qa4 a5 13. e4 dxe4 14. Nxe4 Nxe4 15. Bxe4 Nf6 16. Bb1 Bd6 17. Be5 Qe7 18. Qc2 g6 19. Qd2 Kh7 20. Qf4 Bxe5 21. dxe5 Nd7 22. h4 Kg7 23. h5 Rfd8 24. hxg6 fxg6 25. Qg3 Nf8 26. Nd2 c5 27. Ne4 Bxe4 28. Bxe4 Rxd1+ 29. Rxd1 Rd8 30. Rd6 Rxd6 31. exd6 Qg5 32. Qxg5 hxg5 33. Bc6 Kf6 34. Kh2 e5 35. Kg3 Ke6 36. d7 Nxd7 37. Bxd7+ Kxd7 38. Kg4 Ke7 39. Kxg5 Kf7 40. a4 Kg7 41. g4 Kf7 42. Kh6 Kf6 43. f3 g5 44. Kh5 1-0

[Event "EU-ch U14"]
[Site "Prague"]
[Date "2012.08.20"]
[Round "4"]
[White "Skorepa, Jakub"]
[Black "Shahaliyev, Ismayil Bahram"]
[Result "0-1"]
[WhiteElo "1680"]
[BlackElo "1954"]
[PlyCount "72"]
[EventDate "2012.08.17"]
[EventType "swiss"]
[EventRounds "9"]
[EventCountry "CZE"]
[SourceTitle "CBM 150 Extra"]
[Source "ChessBase"]
[SourceDate "2012.10.19"]
[SourceVersion "1"]
[SourceVersionDate "2012.10.19"]
[SourceQuality "1"]

1. e4 c5 2. Nf3 d6 3. d4 cxd4 4. Nxd4 Nf6 5. Nc3 a6 6. Be2 e6 7. 0-0 Be7 8. Be3 Nc6 9. f4 0-0 10. Kh1 Qc7 11. Qe1 Bd7 12. Qg3 b5 13. a3 Rac8 14. Bd3 Nxd4 15. Bxd4 Bc6 16. Rae1 Qb7 17. Nd1 g6 18. Nf2 Nh5 19. Qe3 Ng7 20. Ng4 f6 21. Bc3 e5 22. Re2 h5 23. Nf2 g5 24. fxg5 fxg5 25. Ree1 g4 26. Be2 Rf4 27. Bd3 Rcf8 28. a4 Bh4 29. g3 Rf3 30. Qe2 Bd8 31. axb5 axb5 32. Bb4 Bb6 33. Nd1 Rxf1+ 34. Rxf1 Rxf1+ 35. Qxf1 Bxe4+ 36. Bxe4 Qxe4+ 0-1

[Event "Kouty nad Desnou op-B"]
[Site "Kouty nad Desnou"]
[Date "2011.03.12"]
[Round "1"]
[White "Skorepa, Jakub"]
[Black "Pastrnek, Michal"]
[Result "1/2-1/2"]
[WhiteElo "1685"]
[BlackElo "1383"]
[PlyCount "66"]
[EventDate "2011.03.12"]
[EventType "swiss"]
[EventRounds "9"]
[EventCountry "CZE"]
[SourceTitle "EXT 2014"]
[Source "ChessBase"]
[SourceDate "2013.11.20"]
[SourceVersion "1"]
[SourceVersionDate "2013.11.20"]
[SourceQuality "1"]

1. e4 c5 2. Nf3 Nc6 3. d4 cxd4 4. Nxd4 g6 5. Nc3 Bg7 6. Be3 Nf6 7. Be2 0-0 8. 0-0 d5 9. exd5 Nxd5 10. Nxd5 Qxd5 11. Bf3 Qd6 12. Nxc6 bxc6 13. Qxd6 exd6 14. Bxc6 Rb8 15. Bxa7 Rxb2 16. c4 Be6 17. Bd5 Bxd5 18. cxd5 Rb7 19. Be3 Bxa1 20. Rxa1 Rfb8 21. g3 Rb1+ 22. Rxb1 Rxb1+ 23. Kg2 Rd1 24. a4 Ra1 25. Bf4 Rxa4 26. Bxd6 Rd4 27. Bf4 Rxd5 28. h4 f6 29. g4 g5 30. hxg5 fxg5 31. Be3 Kf7 32. f4 h6 33. fxg5 hxg5 1/2-1/2

[Event "Brno Trade op"]
[Site "Brno"]
[Date "2010.08.28"]
[Round "8"]
[White "Skorepa, Jakub"]
[Black "Meduna, Eduard"]
[Result "0-1"]
[WhiteElo "1563"]
[BlackElo "1842"]
[PlyCount "76"]
[EventDate "2010.08.22"]
[EventType "swiss"]
[EventRounds "9"]
[EventCountry "CZE"]
[SourceTitle "CBM 138 Extra"]
[Source "ChessBase"]
[SourceDate "2010.10.29"]
[SourceVersion "1"]
[SourceVersionDate "2010.10.29"]
[SourceQuality "1"]

1. e4 c5 2. Nf3 Nc6 3. d4 cxd4 4. Nxd4 e5 5. Nf3 Nf6 6. Nc3 Bb4 7. Bd3 d5 8. exd5 Nxd5 9. Bd2 Nxc3 10. Bxc3 Bxc3+ 11. bxc3 0-0 12. 0-0 Qc7 13. Ng5 h6 14. Ne4 b6 15. Qe2 Be6 16. a4 Na5 17. Ng3 Qxc3 18. Rfe1 Nc6 19. Bb5 Rac8 20. Bxc6 Rxc6 21. Qxe5 Qxe5 22. Rxe5 Rxc2 23. a5 Rfc8 24. h3 Rc1+ 25. Rxc1 Rxc1+ 26. Kh2 Rc5 27. Rxc5 bxc5 28. Ne4 c4 29. Kg3 Kf8 30. f3 Ke7 31. Kf2 Kd7 32. Ke3 Kc6 33. Kd4 Kb5 34. Nd6+ Kxa5 35. Nxc4+ Bxc4 36. Kxc4 Kb6 37. h4 Kc6 38. g4 Kd6 0-1

[Event "Brno Trade op"]
[Site "Brno"]
[Date "2010.08.27"]
[Round "7"]
[White "Zikan, Karel"]
[Black "Skorepa, Jakub"]
[Result "1/2-1/2"]
[WhiteElo "1798"]
[BlackElo "1563"]
[PlyCount "88"]
[EventDate "2010.08.22"]
[EventType "swiss"]
[EventRounds "9"]
[EventCountry "CZE"]
[SourceTitle "CBM 138 Extra"]
[Source "ChessBase"]
[SourceDate "2010.10.29"]
[SourceVersion "1"]
[SourceVersionDate "2010.10.29"]
[SourceQuality "1"]

1. Nf3 Nf6 2. c4 c6 3. Nc3 d5 4. cxd5 cxd5 5. d4 Nc6 6. Bf4 Bf5 7. e3 e6 8. Rc1 Bd6 9. Bxd6 Qxd6 10. Bb5 0-0 11. 0-0 a6 12. Bxc6 bxc6 13. Na4 Ne4 14. Nc5 Nxc5 15. Rxc5 Rfb8 16. Qc1 Rb6 17. Qc3 Rc8 18. Rc1 f6 19. h3 Bg6 20. b4 Qb8 21. a3 Be8 22. Qd3 Qb7 23. h4 Bg6 24. Qd2 Bh5 25. Ne1 Bg6 26. f4 Be4 27. g4 Qf7 28. Nd3 Bxd3 29. Qxd3 Qb7 30. Kf2 Qc7 31. Kf3 Qd7 32. Qc3 Qb7 33. f5 exf5 34. gxf5 Qd7 35. Qc2 Qf7 36. Qg2 Qd7 37. Qg4 Re8 38. R5c3 Re4 39. Qh3 Qe8 40. h5 Rb7 41. Rb3 a5 42. Rcc3 a4 43. Rb2 Rbe7 44. Kf2 Qd7 1/2-1/2